GCE'O Level 1 Physics matters : (Record no. 282502)
[ view plain ]
| 000 -LEADER | |
|---|---|
| fixed length control field | 00381nam a22001457a 4500 |
| 003 - CONTROL NUMBER IDENTIFIER | |
| control field | 0 |
| 005 - DATE AND TIME OF LATEST TRANSACTION | |
| control field | 20230807153447.0 |
| 008 - FIXED-LENGTH DATA ELEMENTS--GENERAL INFORMATION | |
| fixed length control field | 150202b xxu||||| |||| 00| 0 eng d |
| 020 ## - INTERNATIONAL STANDARD BOOK NUMBER | |
| International Standard Book Number | 978-981-01-1161-8 |
| 050 ## - LIBRARY OF CONGRESS CALL NUMBER | |
| Classification number | HS 530 |
| Item number | .C41 2007 |
| 245 ## - TITLE STATEMENT | |
| Title | GCE'O Level 1 Physics matters : |
| Remainder of title | vol. 2 |
| 260 ## - PUBLICATION, DISTRIBUTION, ETC. (IMPRINT) | |
| Place of publication, distribution, etc | Singapore |
| Name of publisher, distributor, etc | Marshall cavendish |
| Date of publication, distribution, etc | C2007 |
| 300 ## - PHYSICAL DESCRIPTION | |
| Extent | 131 |
| Dimensions | 23CM |
| 942 ## - ADDED ENTRY ELEMENTS (KOHA) | |
| Source of classification or shelving scheme | Library of Congress Classification |
| Koha item type | Books |
| Withdrawn status | Lost status | Source of classification or shelving scheme | Damaged status | Home library | Current library | Shelving location | Date acquired | Source of acquisition | Total Checkouts | Full call number | Barcode | Date last seen | Date checked out | Price effective from | Koha item type |
|---|---|---|---|---|---|---|---|---|---|---|---|---|---|---|---|
| Library of Congress Classification | Luxembourg Library | Luxembourg Library | Teachers Reference Section | 02/02/2015 | Donation | 1 | HS 530 .C41 2007 | 18050 | 01/20/2020 | 02/02/2015 | 02/02/2015 | Books |